Peasant, state, and society in medieval South India / (Record no. 20673)

MARC details
000 -LEADER
fixed length control field 00900cam a2200289 a 4500
001 - CONTROL NUMBER
control field 4677235
003 - CONTROL NUMBER IDENTIFIER
control field BDDh-ASL
005 - DATE AND TIME OF LATEST TRANSACTION
control field 20231015025923.0
008 - FIXED-LENGTH DATA ELEMENTS--GENERAL INFORMATION
fixed length control field 800923s1980 ii b b 001 0 eng
010 ## - LIBRARY OF CONGRESS CONTROL NUMBER
LC control number 80903372
020 ## - INTERNATIONAL STANDARD BOOK NUMBER
Terms of availability Rs135.00
040 ## - CATALOGING SOURCE
Original cataloging agency DLC
Transcribing agency DLC
Modifying agency DLC
-- BDDh-ASL
043 ## - GEOGRAPHIC AREA CODE
Geographic area code a-ii---
050 00 - LIBRARY OF CONGRESS CALL NUMBER
Classification number DS484.65
Item number .S74 1980
082 00 - DEWEY DECIMAL CLASSIFICATION NUMBER
Classification number 954.8
Item number STP
100 1# - MAIN ENTRY--PERSONAL NAME
Personal name Stein, Burton,
Dates associated with a name 1926-1996.
245 10 - TITLE STATEMENT
Title Peasant, state, and society in medieval South India /
Statement of responsibility, etc. Burton Stein.
260 ## - PUBLICATION, DISTRIBUTION, ETC.
Place of publication, distribution, etc. Delhi :
-- New York :
Name of publisher, distributor, etc. Oxford University Press,
Date of publication, distribution, etc. 1980.
-- 1994.
300 ## - PHYSICAL DESCRIPTION
Extent xvi, 533 p. :
Other physical details maps ;
Dimensions 23 cm.
500 ## - GENERAL NOTE
General note Includes index.
504 ## - BIBLIOGRAPHY, ETC. NOTE
Bibliography, etc. note Bibliography: p. 489-518.
650 #0 - SUBJECT ADDED ENTRY--TOPICAL TERM
Topical term or geographic name entry element Peasants
Geographic subdivision India, South
General subdivision History.
651 #0 - SUBJECT ADDED ENTRY--GEOGRAPHIC NAME
Geographic name India, South
General subdivision History.
651 #0 - SUBJECT ADDED ENTRY--GEOGRAPHIC NAME
Geographic name India, South
General subdivision Historiography.
906 ## - LOCAL DATA ELEMENT F, LDF (RLIN)
a 7
b cbc
c orignew
d 2
e ncip
f 19
g y-gencatlg
942 ## - ADDED ENTRY ELEMENTS (KOHA)
Source of classification or shelving scheme Dewey Decimal Classification
Koha item type Books
Holdings
Withdrawn status Lost status Source of classification or shelving scheme Damaged status Not for loan Collection code Home library Current library Shelving location Date acquired Source of acquisition Total Checkouts Full call number Barcode Date last seen Copy number Price effective from Koha item type Public note
    Dewey Decimal Classification   Not For Loan Non-fiction Asiatic Society Library Asiatic Society Library Ludden Collection 01/12/2021 Donated by Prof. David Ludden   954.8 STP 104144 01/12/2021 C-1 01/12/2021 Books RARE
    Dewey Decimal Classification     Non-fiction Asiatic Society Library Asiatic Society Library General Stacks 02/27/2021 ASB Library Collections   954.8 STP 106713 02/27/2021 C-2 02/27/2021 Books  

Powered by Koha